[Event "Sarajevo Bosnia 34th"]
[Site "Sarajevo"]
[Date "2004.05.21"]
[Round "4"]
[White "Atalik, Suat"]
[Black "Short, Nigel D"]
[Result "1/2-1/2"]
[WhiteElo "2558"]
[BlackElo "2712"]
[Annotator "Atalik,S"]
[PlyCount "54"]
[EventDate "2004.05.18"]
[EventType "tourn"]
[EventRounds "9"]
[EventCountry "BIH"]
[EventCategory "15"]
[SourceTitle "CBM 101"]
[Source "ChessBase"]
[SourceDate "2004.07.27"]
[SourceVersion "1"]
[SourceVersionDate "2004.07.27"]
[SourceQuality "1"]

1. d4 {Golod,V} Nf6 2. c4 e6 3. Nc3 Bb4 4. Qc2 {Back in the classical system.
Some years ago I have sweared to gods that I will never touch to this system,
however recent developments made me to reconsider it.} d5 {Nigel preferes this
to the other continuations.} 5. cxd5 ({Despite of my Janowski's like lion's
strenght times glory against GM Gyula Sax I am done with} 5. a3 Bxc3+ 6. Qxc3
Ne4 ({By the way Nigel's choice is:} 6... dxc4 $5 7. Qxc4 b6 8. Nf3 Ba6 (8...
O-O 9. Bg5 Ba6 10. Qa4 Bb7 11. e3 Nbd7 12. Rd1 c5 13. dxc5 Nxc5 14. Rxd8 Nxa4
15. Rd4 Nc5 16. Bc4 Rfd8 17. Ke2 $14) 9. Qa4+ $5 $13) 7. Qc2 {because of} c5 $1
8. dxc5 Nc6 9. e3 Qa5+ 10. Bd2 Nxd2 11. Qxd2 dxc4 12. Bxc4 Qxc5 13. Rc1 Qg5 14.
f4 Qh4+ 15. Qf2 Qxf2+ 16. Kxf2 Bd7 17. Nf3 Rc8 18. b4 $14 {White's advantage
is miniscule after all.}) 5... exd5 {The most logical recapture but became
old-fashioned because of its easy nature for white.} ({Romanishin's move is
much more popular these days.} 5... Qxd5 6. Nf3 Qf5 7. Qxf5 exf5 8. a3 Be7 (
8... Bd6 9. Bg5) 9. Bf4 c6 10. e3 Nbd7 11. Bc4 Nb6 12. Bb3 Be6 13. Bxe6 fxe6
$13) 6. Bg5 h6 ({Some likes} 6... c5 7. dxc5 h6 {move order to avoid minority
attack type of positions coming from 6...h6 7.Bf6.}) 7. Bh4 {The most natural
reaction.} (7. Bxf6 Qxf6 8. a3 Bxc3+ 9. Qxc3 O-O 10. e3 Bf5 11. Ne2 Rc8 12. Ng3
$13) 7... c5 8. dxc5 g5 {'?!' Golod,V. Golod,V: 'In my opinion this move is
too risky. The statistics shows that white has good percents of winning there.'
} ({After the classical} 8... Nc6 9. e3 g5 10. Bg3 Ne4 {V.Popov's} 11. Bb5 {
is interesting.} Qa5 (11... Bf5 $6 12. Bxc6+ bxc6 13. Qa4 Bxc3+ 14. bxc3 Qd7
15. Qd4 $16) 12. Bxc6+ bxc6 13. Nge2 Bxc3+ (13... Bf5 14. Qc1) 14. Nxc3 Nxc3
15. Qxc3 Qxc3+ 16. bxc3 $14) 9. Bg3 Ne4 10. e3 ({Computer suggestions may not
be considered seriously in these type of positions.} 10. Bxb8 $6 Bxc3+ 11. bxc3
Rxb8 12. Qa4+ Ke7 $1 13. Qd4 Be6 14. f3 Nf6 $44) 10... Qa5 11. Nge2 Bf5 {
Nigel started to play extremely fast in this part of the game. It was obvious
that he has made a serious preparation and has something spectecular up to his
sleeve!} (11... Nc6 $6 12. a3 Bf5 13. Qc1 Nxc5 14. axb4 Nd3+ 15. Kd2 Qxb4 16.
Ra4 Nxc1 17. Rxb4 Nxe2 18. Rxb7 Nxg3 19. hxg3 d4 20. exd4 Nxd4 21. Nd5 Rd8 22.
Bc4 O-O 23. Kc3 $16) 12. Be5 O-O (12... f6 $6 13. Bxb8 Rxb8 14. Nd4 Bh7 15. Bd3
Nxc3 (15... Bxc3+ 16. bxc3 Qxc3+ 17. Qxc3 Nxc3 18. Kd2 Bxd3 19. Kxc3 $16) 16.
Bg6+ $1 Ke7 17. O-O $16) (12... Nxc3 $2 13. Qxf5 Ne4+ 14. Nc3 O-O 15. Bd3 Nc6
16. O-O Nxe5 (16... Rfe8 17. Nxe4 dxe4 18. Bxe4 Rxe5 19. Qh7+ Kf8 20. Qxh6+ {
Karpov-Short,Prague(rapid) 2002.} Ke8 21. Bxc6+ $18) 17. Bxe4 dxe4 18. Nxe4 Ng6
19. a3 $16) 13. Nd4 Re8 $6 {This is it! Later Nigel told me that he was
checking Bareev-Topalov, Monaco (blindfolded) 2004.} ({Could anybody tell what
is happening after} 13... Nxc3 14. Nxf5 (14. Qxf5 $6 Ne4+ 15. Kd1 Nc6 16. Nxc6
bxc6 $1 17. Bd3 Be1 18. Ke2 Qd2+ 19. Kf1 Qxd3+ 20. Kxe1 Nxc5 21. Qf6 Qh7 $17)
14... Ne4+ 15. Kd1 Nc6 16. Bd6 $13) 14. Bxb8 ({I have briefly looked at} 14.
Nxf5 $2 Rxe5 15. Nxh6+ Kg7 16. Ng4 Re6 17. O-O-O Bxc3 18. bxc3 Qxc5 $17) 14...
Bg6 ({Looks better and deserves future practical experience:} 14... Nxc3 $5 {
Golod,V} 15. Qxf5 ({Too dangerous is:} 15. Nxf5 $6 Ne4+ 16. Ke2 Raxb8 17. Nxh6+
(17. f3 Nf6) 17... Kf8 $132 {[%csl Re2]}) 15... Ne4+ 16. Kd1 Raxb8 17. Bd3 Bxc5
18. Nb3 Qb6 19. Rc1 Bf8 20. h4 Bg7 21. hxg5 {1/2-1/2 Inarkiev,E-Yemelin,V/St.
Petersburg,2001(21)}) 15. Bd3 $146 {The most normal move! Nigel kept of moving
fast but I had to calculate a lot of things.} (15. Bc7 {In the above mentioned
game for some strange reason GM Bareev for some deflective idea.} Qxc7 16. Bd3
Bxc5 17. Bxe4 dxe4 18. O-O-O Rac8 $15) 15... Raxb8 ({Maybe Zhenia was afraid of
} 15... Nxc3 $6 {in a blindfolded game.} 16. O-O $1 Bxd3 17. Qxd3 Raxb8 18.
bxc3 Bxc3 19. Nb3 $16) 16. O-O (16. Nb3 $5 {Golod,V} Bxc3+ 17. bxc3 Qxc3+ 18.
Qxc3 Nxc3 19. Kd2 Bxd3 (19... Ne4+ $143 20. Bxe4 Bxe4 21. f3 Bg6 22. Nd4 $14 {
[%csl Yd4][%cal Gh1c1,Gc1c3,Ga2a4] +/=/+/- White's pieces are configurated
perfectly. The knight on d4 is much better than a bishop and that's provide to
white a serious advantage.}) 20. Kxc3 Bc4 $1 21. Nd4 (21. Nd2 Rec8 22. Kd4 b6
23. cxb6 Rxb6) 21... Rbc8 22. Kb4 $14 {[%csl Rb5][%cal Yg2g4,Yh2h4,Ya2a4,Gd4b5]
Black's position improved a little bit in a comparison with a previous
variation,but still white has a clear advantage.He plans or to proceed king
side pawns,developing initiative there, or to continue his pressure on the
queen side with a4- Nb5- Nd6.}) 16... Qxc5 17. Rac1 Rec8 {This was already a
surprise for me. However Nigel stated in the post-mortem he was working
certain possibilities out with our Teutonic sillicone friend.} ({I believe the
difference lies in this particular line.} 17... Rbc8 18. Bxe4 (18. f3 Nxc3 19.
Bxg6 Ne2+ 20. Qxe2 Qxc1 21. Bf5 Qd2 22. Bxc8 Qxd4 23. exd4 Rxe2 24. Bxb7 $11) (
18. Qe2 Nxc3 19. bxc3 Ba3 20. Bxg6 Bxc1 21. Qh5 Qf8 22. Bf5 Rxc3 23. Ne2 Bd2
24. Rd1 d4 25. Rxd2 dxe3 26. fxe3 Rcxe3 $13) 18... dxe4 19. Qb3 Qc4 $140 $2 20.
Qxc4 Rxc4 21. Nd5 $18) 18. f3 $2 {I have got ticked off with his strange rook
move. So I wanted to take advantage of it. But my choice is absolutely
toothless.} (18. Qe2 Qa5 19. Nb3 Qd8 20. Bxe4 dxe4 21. Rcd1 Qf8 22. Nd5 Kg7 23.
f4 $1 $40 {This move I have missed in the game.} (23. Nxb4 Qxb4 24. Rd4 Qb6)) (
18. Bxe4 dxe4 19. Qb3 Qc4 $1 {is now possible since there ain't no fork on f6.}
) 18... Nxc3 19. Bxg6 Ne2+ 20. Qxe2 Qxc1 21. Bf5 Qd2 $1 {Nigel is always
tactically alert!} (21... Qc4 22. Bd3 $1 (22. Bxc8 Rxc8 23. Qxc4 dxc4 $1 $36)
22... Qc7 23. f4 $1 $40 {and whites attack is extremely dangerous.}) 22. Bxc8
Qxe2 23. Nxe2 Rxc8 24. Nd4 Bd2 $1 {I did not see this move at once.} (24... Rc4
$6 25. g4 $1 (25. Rd1 Bc5 26. Nf5 Rc2 27. Rxd5 b6) 25... Bc5 26. Nf5 d4 $2 27.
b3 dxe3 28. bxc4 e2+ 29. Kg2 exf1=Q+ 30. Kxf1 Kh7 31. Ke2 Kg6 32. Kd3 h5 33.
Ke4 hxg4 34. fxg4 Kf6 35. Kd5 b6 36. a4 a5 37. Nd6 $18) 25. Kf2 Bc1 26. b3 Bb2
$11 {Now black has absolutely equalized.} 27. Re1 {I simply wanted to finish
the game.} (27. Nf5 Rc2+ 28. Kg1 Be5 29. Rd1 Rxa2 30. Rxd5 Ra1+ 31. Kf2 Bxh2
32. Nxh6+ Kg7 33. Nf5+ Kf6 34. e4 Rb1 $11) 27... Bxd4 {I have gladly accepted
Nigel's draw offer.} (27... Bxd4 28. exd4 Kg7 (28... Rc2+ 29. Re2 Rxe2+ 30.
Kxe2 f5 31. f4 g4 32. Kd3 b5 $11) 29. Re5 Rc2+ 30. Re2 Rxe2+ 31. Kxe2 $11)
1/2-1/2

[Event "SRB-chT"]
[Site "Kragujevac"]
[Date "2016.10.02"]
[Round "11.5"]
[White "Atalik, Suat"]
[Black "Parligras, Mircea Emilian"]
[Result "1/2-1/2"]
[WhiteElo "2544"]
[BlackElo "2595"]
[Annotator "Atalik,S"]
[PlyCount "44"]
[EventDate "2016.09.22"]
[EventType "team-tourn"]
[EventRounds "11"]
[EventCountry "SRB"]
[SourceTitle "CBM 175"]
[Source "ChessBase"]
[SourceDate "2016.11.10"]
[SourceVersion "1"]
[SourceVersionDate "2016.11.10"]
[SourceQuality "1"]
[WhiteTeam "Sloga Turist"]
[BlackTeam "Pozega"]
[WhiteTeamCountry "SRB"]
[BlackTeamCountry "SRB"]

1. d4 Nf6 2. c4 e6 3. Nc3 Bb4 4. Qc2 d5 5. cxd5 exd5 6. Bg5 h6 $5 {The old
move.} (6... c5 7. dxc5 h6 {is what Korchnoi came up with first.}) 7. Bxf6 $1 {
I dislike retreats!} (7. Bh4 $6 Nc6 (7... g5 8. Bg3 Ne4 9. e3 h5 $5 10. f3 (10.
Bd3 $6 h4 11. Be5 f6 12. Bxe4 dxe4 13. d5 Na6 14. a3 Bxc3+ 15. Bxc3 Qxd5 16.
Bxf6 O-O $17) 10... Nxg3 11. hxg3 Qe7 12. Kf2 (12. e4 Nd7 13. O-O-O Nb6 14.
Nxd5 Nxd5 15. exd5 Bd7 $13) 12... Be6) 8. e3 g5 9. Bg3 h5 10. Bb5 h4 11. Be5
O-O 12. Bxf6 Qxf6 13. h3 Ne7 14. Nf3 c6 15. Bd3 Re8 $13) 7... Qxf6 8. a3 Bxc3+
({Even} 8... Ba5 9. b4 (9. e3 Be6 10. Qa4+ Nc6 11. Ba6 Bxc3+ 12. bxc3 Bc8) 9...
Bb6 10. e3 Be6 11. Na4 O-O 12. Nf3 Nd7 13. Bd3 c6 14. Nxb6 axb6 15. O-O $13 {
is not simple at all.}) 9. Qxc3 O-O $1 (9... c6 10. e3 O-O 11. Nf3 $14) 10. e3
Bf5 11. Ne2 $1 (11. Nf3 Nd7 12. Rc1 Rfc8 13. b4 a5 14. Bd3 axb4 15. axb4 $11)
11... Nd7 12. Ng3 {There are other moves but I rely on what I have played
before.} (12. Nf4 $5 c5 $5 (12... c6 13. Be2 $14) 13. Rd1 Rac8 14. Nxd5 Qd6 $44
) (12. Rc1 $5 Rfc8 13. b4 a5 14. Ng3 axb4 15. axb4 Bg6 16. Be2 Qe7 17. O-O Nf6
18. Ra1 h5 19. Rfc1 Rxa1 20. Rxa1 h4 21. Nf1 h3 $13 {Beliavsky-Portisch,
Reykjavik1988.}) 12... c5 $1 (12... Rfc8 13. Nxf5 Qxf5 14. Bd3 Qf6 15. Rc1 $14)
13. Nxf5 (13. Bb5 $5) (13. Be2 cxd4 14. Qxd4 Qxd4 15. exd4 $14 {may well be
the safest by the way.}) 13... Qxf5 14. dxc5 $5 (14. Bd3 $11) (14. Bb5 $5 c4
15. Ba4 {is what I played against Bromberger at Augsburg 2007.} b5 16. Bc2 Qe6
17. O-O a5 18. Rfe1 f5 $132) 14... d4 15. Bd3 $1 $146 (15. Qxd4 $2 Nxc5 16. Bc4
Rfd8 17. Qf4 Nd3+ 18. Bxd3 Qxd3 $17) (15. exd4 Rfe8+ 16. Be2 Nf6 17. Rd1 Qe4
18. Qf3 Qc2 19. Rd2 Qc1+ 20. Rd1 Qxb2 21. Rd2 $11 {but the feeling over the
board says that Black may even have more.}) 15... dxc3 (15... Qxf2+ $2 16. Kxf2
dxc3 17. b4 $1 a5 (17... Ne5 18. Be4) 18. Be4 {is risky for Black.}) (15... Qg5
$5 {It is not quite clear that Black may play for a draw after the double pawn
sacrifice.} 16. exd4 Rfe8+ 17. Kf1 Nf6 18. Rd1 (18. h4 Qg4 19. g3 Nd5 20. Qd2
Ne3+ (20... Qf3 21. Kg1 Ne3 22. Bf1) 21. Kg1 Qf3 22. Bf1 $16) 18... Rad8 19.
Qd2 Qh4 20. g3 Qh3+ 21. Kg1 Ne4 22. Bf1 Qg4 23. Be2 $16) 16. Bxf5 cxb2 17. Rb1
Nxc5 18. Rxb2 g6 (18... Rfd8 19. Ke2 Rd5 20. Bc2 Rad8 21. Rd1 Rxd1 22. Bxd1 $14
) 19. Bc2 Rfd8 20. Ke2 Rd6 21. Rd1 Rad8 (21... Ra6 $5 22. Ra1 (22. a4 Nxa4 23.
Bxa4 Rxa4 24. Rxb7 $11 {should lead to a 4 versus 3 rook ending.})) 22. Rxd6
Rxd6 {White is slightly better but a draw came in handy to annihilate the
theoretical possibility of Kraljevo's relegation.} (22... Rxd6 23. a4 (23. g4
g5) 23... a5 $1 $14) 1/2-1/2

[Event "Moscow Aeroflot op-A 15th"]
[Site "Moscow"]
[Date "2016.03.05"]
[Round "5"]
[White "Martirosyan, Haik M"]
[Black "Bluebaum, Matthias"]
[Result "0-1"]
[WhiteElo "2425"]
[BlackElo "2605"]
[Annotator "Besenthal,K"]
[PlyCount "110"]
[EventDate "2016.03.01"]
[EventType "swiss"]
[EventRounds "9"]
[EventCountry "RUS"]
[SourceTitle "CBM 171"]
[Source "ChessBase"]
[SourceDate "2016.03.14"]
[SourceVersion "2"]
[SourceVersionDate "2016.03.14"]
[SourceQuality "1"]

1. d4 Nf6 2. c4 e6 3. Nc3 Bb4 4. Qc2 d5 5. cxd5 exd5 6. Bg5 h6 7. Bxf6 Qxf6 8.
a3 Bxc3+ 9. Qxc3 O-O 10. Nf3 Bf5 11. e3 Nd7 {Diagramm [#]} 12. Be2 (12. Qxc7
Rfc8 13. Qxb7 Rab8 14. Qxd5 Rxb2 {kann dem Weißen nicht gefallen haben. Auch
wenn der Computer seine Stellung für verteidigungsfähig hält: Dies ist eine
praktische Partie.}) 12... c5 {Schwarz kann mit dem Ausgang der
Eröffnungsphase hoch zufrieden sein.} 13. O-O c4 14. a4 a6 15. a5 b5 16. axb6
Qxb6 17. Ra5 Rfb8 18. Rxd5 Be6 19. Ra5 Qxb2 20. Qxb2 Rxb2 {Diagramm [#]} 21. d5
$2 {Das funktioniert nicht und bringt Weiß ins Hintreffen.} (21. Re1 $1) 21...
Rxe2 22. dxe6 fxe6 23. Rc1 Rb2 24. h4 Rc8 25. Rxa6 c3 26. Kf1 c2 27. Nd2 Rc3
28. Ke2 (28. Rxe6 Nc5 29. Rc6 Ne4) 28... Nc5 29. Rd6 Kf7 30. f3 Ke7 31. Rd4 e5
32. Rd5 Ke6 33. Rd8 Rbb3 34. Rc8 Rb4 35. h5 Rb2 36. Rd8 Ke7 37. Rd5 Ke6 38. Rd8
Rb7 39. e4 Rd7 40. Rc8 Nb3 {Diagramm [#] Weiß verliert jetzt Material.} 41.
Re8+ Kf7 42. Nxb3 Kxe8 43. Nd2 Rb7 44. Nf1 Rb1 45. Kd2 Rxc1 46. Kxc1 Ke7 47.
Ng3 Kf6 48. Nf5 Ra3 49. Nh4 Rc3 50. Nf5 Rc7 51. Ne3 Kg5 52. Nxc2 Kxh5 53. Kd2
Kh4 54. Ne3 Kg3 55. Ke2 h5 0-1

[Event "EU-ch 17th"]
[Site "Gjakova"]
[Date "2016.05.22"]
[Round "10"]
[White "Inarkiev, Ernesto"]
[Black "Goganov, Aleksey"]
[Result "1/2-1/2"]
[WhiteElo "2686"]
[BlackElo "2600"]
[Annotator "Besenthal,K"]
[PlyCount "41"]
[EventDate "2016.05.12"]
[EventType "swiss"]
[EventRounds "11"]
[EventCountry "KOS"]
[SourceTitle "CBM 173"]
[Source "ChessBase"]
[SourceDate "2016.07.12"]
[SourceVersion "1"]
[SourceVersionDate "2016.07.12"]
[SourceQuality "1"]

1. d4 Nf6 2. c4 e6 3. Nc3 Bb4 4. Qc2 d5 5. cxd5 exd5 6. Bg5 h6 7. Bh4 c5 8.
dxc5 {Diagramm [#]} O-O (8... d4 $6 9. O-O-O {ist besser für Weiß, was
bereits vor mehr als zwanzig Jahren der zu jener Zeit sehr renommierte
Großmeister Yuri Balashov gegen ein Computerprogramm leidvoll erleben musste:}
Qa5 10. Bxf6 gxf6 11. Ne4 Be6 12. a3 Nc6 13. axb4 Nxb4 14. Nd6+ Kf8 15. Nxb7
Qa6 16. Qe4 Qc4+ 17. Kd2 Bd5 18. Nd6 Qxc5 19. Qf4 Rd8 20. Qxf6 Qxd6 21. Qxh8+
Ke7 22. Qxd4 Be6 23. e3 Qxd4+ 24. exd4 Rxd4+ 25. Bd3 Rxd3+ 26. Ke2 Rb3 27. Nf3
Rxb2+ 28. Rd2 Bc4+ 29. Ke3 Rb3+ 30. Kf4 Kf6 31. Ra1 a6 32. Rd6+ Be6 33. Kg3 Rc3
34. Ra4 Nc6 35. Rxa6 Ne5 36. Ra7 Nxf3 37. gxf3 Ke5 38. Rda6 Rc8 39. Ra5+ Kf6
40. h4 Rg8+ 41. Kh2 Rc8 42. f4 Rc3 43. Ra3 Rc2 44. Kg3 Rd2 45. f3 Rd1 46. R3a5
Rg1+ 47. Kf2 Rh1 48. h5 Rh4 49. Ke3 Rh3 50. R7a6 Kg7 51. f5 Bc8 52. f6+ Kh7 53.
Ra7 Be6 54. Rc5 Kg8 55. Ra1 {1-0 (55) Comp Saitek Sparc-Balashov,Y (2520)
Muenster 1993}) 9. e3 Be6 10. a3 Bxc5 11. Rd1 Nc6 12. Nf3 Rc8 13. Be2 Be7 14.
O-O Ne4 15. Nxe4 ({Oder} 15. Bxe7 Nxe7 16. Nd4 Nxc3 17. bxc3 Qc7 18. Rc1 $11)
15... Bxh4 16. Nxh4 Nd4 17. Qd3 dxe4 18. Qxd4 Qxh4 19. g3 Qf6 20. Qxf6 gxf6 21.
Rd2 {Diagramm [#] Nichts geht mehr: Weiß könnte vielleicht noch die f-Linie
öffnen, um anschließend die schwarzen Bauern anzugreifen, doch diese eine
"Schwäche" kann der Nachziehende bequem decken; außerdem muss Weiß
natürlich fortgesetzt ein Eindringen der schwarzen Türme über die c-Linie
unterbinden.} 1/2-1/2

[Event "EU-ch 10th"]
[Site "Budva"]
[Date "2009.03.11"]
[Round "6"]
[White "Vavrak, Peter"]
[Black "Popov, Valerij"]
[Result "0-1"]
[WhiteElo "2488"]
[BlackElo "2561"]
[Annotator "CB"]
[PlyCount "48"]
[EventDate "2009.03.06"]
[EventType "swiss"]
[EventRounds "11"]
[EventCountry "MNE"]
[SourceTitle "CBM 130"]
[Source "ChessBase"]
[SourceDate "2009.05.20"]
[SourceVersion "1"]
[SourceVersionDate "2009.05.20"]
[SourceQuality "1"]

{Something sinister is lurking behind some magnificent chess victories these
days. It is getting harder to tell what is actually created by humans and what
is spit out by chess computers during preparation. A game from the 10th
European Individual Championship, underway in Budva, Montenegro, between IM
Peter Vavrak of Slovakia and GM Valery Popov of Russia is loaded with
computer-like moves. In a sharp Nimzo-Indian variation, which I prepared for
Nigel Short to combat Garry Kasparov in the 1993 world championship, black
navigates the stormy lines with unusual ease.} 1. d4 Nf6 2. c4 e6 3. Nc3 Bb4 4.
Qc2 d5 5. cxd5 exd5 6. Bg5 c5 7. dxc5 h6 8. Bh4 g5 9. Bg3 Ne4 $1 10. Bxb8 ({
Kasparov's line,} 10. e3 Qa5 11. Nge2 {, is doing fine for black after} Bf5 12.
Be5 O-O 13. Nd4 Re8 $1) 10... Qf6 $1 {(Levon Aronian's important "zwischenzug.
")} 11. Bg3 Nxc3 12. a3 Bf5 13. Qd2 Ba5 14. e3 ({The game Sokolov-Aronian,
Turin 2006, continued} 14. b4 Ne4 15. Qc1 Rc8 16. Ra2 Rxc5 17. Qa1 Qc6 18. Qe5+
Kd8 19. Qxh8+ Kd7 {and white resigned.}) 14... O-O-O $1 ({White was hoping for
} 14... d4 15. Bb5+ Nxb5 (15... Kf8 16. Nf3) 16. Qxa5 {with white's edge.}) 15.
Bd6 Bg4 16. f3 ({After} 16. Ne2 Qxf2+ $1) ({or after} 16. Be2 Qxf2+ $1 {
black is doing well, but}) (16. Nf3 $5 {was worth of try, for example} Bxf3 17.
gxf3 Qxf3 18. bxc3 Qxh1 19. O-O-O {with chances to survive. Now comes the
shocker.}) 16... d4 $1 {Diagram #} 17. e4 ({After} 17. fxg4 dxe3 18. Qc2 Nb5+
19. Ke2 Nd4+ {black wins}) ({and} 17. exd4 Rhe8+ 18. Ne2 Nxe2 19. Qxa5 Ng3+ {
is unpleasant for white.}) 17... Rhe8 18. Ne2 ({Only} 18. Bd3 $1 Nxe4 19. Qxa5
Nxd6+ 20. Ne2 {gives white some hope.}) 18... Bxf3 19. gxf3 Qxf3 20. e5 ({
White is desperately trying to block the central highways. After both} 20. Rg1
Rxe4 21. b4 Nxe2 22. Bxe2 d3 $19) (20. bxc3 Bxc3 21. Nxc3 dxc3 22. Qg2 Rxe4+ {
black wins.}) 20... d3 $1 ({A computer-like advance, pounding the white pieces
along the central files. After} 20... Qxh1 21. bxc3 dxc3 22. Qc2 {white lives.}
) 21. bxc3 (21. Nxc3 Rxd6 $1 22. cxd6 Rxe5+ $19) 21... dxe2 22. Qxe2 Bxc3+ 23.
Kd1 Qxh1 24. Rc1 $2 ({(White had to play} 24. Kc2 $1 {although after} Bxa1 25.
Bg2 Qxg2 $1 (25... Qg1 $2 26. Bxb7+ $1 Kxb7 (26... Kd7 27. e6+ Rxe6 28. Qb5#)
27. Qb5+ Ka8 28. Qc6#) 26. Qxg2 Bxe5 {white has a substantial advantage.})
24... Rxe5 (24... Rxe5 25. Qg2 Qxg2 26. Bxg2 Re1+ 27. Kc2 Rxc1+ 28. Kxc1 Re8 {
wins.}) 0-1

[Event "Bonn GSK"]
[Site "Bonn"]
[Date "1995.??.??"]
[Round "2"]
[White "Glek, Igor Vladimirovich"]
[Black "Podzielny, Karl Heinz"]
[Result "1/2-1/2"]
[WhiteElo "2590"]
[BlackElo "2455"]
[Annotator "Dautov,R"]
[PlyCount "117"]
[EventDate "1995.??.??"]
[EventType "tourn"]
[EventRounds "11"]
[EventCountry "GER"]
[EventCategory "8"]
[SourceTitle "CBM 045"]
[Source "ChessBase"]
[SourceDate "1995.04.01"]
[SourceVersion "1"]
[SourceVersionDate "1995.04.01"]
[SourceQuality "1"]

1. d4 Nf6 2. c4 e6 3. Nc3 Bb4 4. Qc2 d5 5. cxd5 exd5 6. Bg5 h6 7. Bh4 c5 8.
dxc5 Nc6 9. e3 g5 10. Bg3 Ne4 (10... Qa5 $5 11. Nf3 Ne4) 11. Bd3 $5 {N} (11.
Nf3 Qa5 12. Nd2 Nxc3 (12... Nxc5 $5 13. Bb5 Bxc3 14. Bxc6+ bxc6 15. bxc3 Ba6
16. Nb3 Qa4 17. Rd1 {Atalik-Maksimovic/Iraklion/1993} Qe4 $1 18. Qxe4+ Nxe4 $10
{Atalik,S}) 13. bxc3 Bxc3 14. Rb1 Qxc5 15. Rb5 Qa3 16. Rb3 Bxd2+ 17. Qxd2 Qa5
18. Qxa5 Nxa5 19. Rb5 {Scherbakov-Lyberg/Jyväskylä/1994} b6 $10) 11... Nxc3 (
11... Nxc5 $6 12. Nge2 d4 13. exd4 Nxd4 14. Nxd4 Qxd4 15. Bb5+ $16) (11...
Bxc3+ 12. bxc3 Nxc5 13. Ne2 Nxd3+ 14. Qxd3 $14) (11... Qa5 12. Nge2 $14) (11...
Nxg3 $1 12. hxg3 d4 13. exd4 Qxd4 14. Nge2 Qxc5 15. O-O Be6 $13) 12. bxc3 Qf6
13. Ne2 Bxc5 14. h4 $1 (14. Nd4 $14) 14... Bd7 (14... Nb4 $2 15. Bb5+ Kf8 16.
Qd1 $16) (14... Be6 $6 15. Rb1 O-O-O 16. Qa4 $40 Ne5 (16... Bd7 $2 17. Qa6 Bb6
18. Rxb6 $18) 17. Bxe5 Qxe5 18. Ba6 $1 Bb6 19. Qc6+ Qc7 20. Bxb7+ Kb8 21. Qxc7+
Kxc7 22. Ba6 $16) (14... Kf8 15. Qb3 $16) 15. Qb3 Ne5 (15... Nb4 16. Bb1 $16) (
15... O-O-O 16. Qxd5 Be6 17. Qxc5 Rxd3 18. Nd4 $16) 16. Bxe5 (16. Qxd5 Nxd3+
17. Qxd3 Bc6 18. Kf1 Rd8 19. Nd4 $16) 16... Qxe5 17. hxg5 (17. Qxb7 $6 Rb8 18.
Qa6 Rb6 19. Qa5 Bb4 20. Qxa7 Bxc3+ 21. Kf1 Rb4 $44) 17... hxg5 18. Rxh8+ Qxh8
19. Qxb7 $16 Rd8 20. Rb1 $5 (20. Kf1 Qh1+ 21. Ng1 $16) (20. Kd2 Qe5 21. Rb1 $16
) 20... Qh1+ 21. Kd2 Qxg2 22. Qc7 Be7 (22... Bb6 $6 23. Qe5+ Be6 24. Qf6 $36 {
/\Rg1}) 23. f4 $1 d4 $6 (23... gxf4 $2 24. Rg1 fxe3+ 25. Kc1 Ba3+ 26. Kb1 $18)
(23... Qh3 $5) 24. exd4 Qd5 25. c4 Qf3 26. Qe5 (26. Rb8 $16) 26... f6 27. Qe3
$6 (27. Qe4 $1 Qxe4 (27... Bg4 $2 28. Qg6+ Kf8 29. Qh6+ Kf7 30. fxg5 fxg5 31.
Bg6+ Ke6 32. Bf5+ $1 Kxf5 33. Rb5+ $18) 28. Bxe4 Bg4 29. Bd5 Bxe2 30. Kxe2 gxf4
31. Rb7 $16) 27... Bg4 28. Qxf3 Bxf3 29. d5 $2 (29. Kc3 $1 Bxe2 30. Bxe2 gxf4
31. Bh5+ Kf8 32. Rb7 $16) 29... Bd6 30. fxg5 fxg5 31. Rf1 g4 32. Nd4 Rb8 33.
Bg6+ Kd7 34. Nxf3 gxf3 35. Rxf3 Rf8 $1 (35... Rb2+ $2 36. Kd3 Rxa2 37. Rf7+ Kd8
38. Bf5 $16) 36. Rh3 Bc5 $14 37. Kd3 (37. Rh7+ Kd6 38. Bf7 $5 Ke5 39. Kd3 $14)
37... Kd6 38. Be4 Rf6 39. Bf3 Ke5 40. Bd1 Rg6 41. Rh5+ Kf4 42. Rh4+ Kf5 43. Bf3
Ra6 44. Be4+ Kg5 45. Rh8 Kf4 46. Rh4+ Kg5 47. Rh7 Ra3+ 48. Kc2 Rxa2+ 49. Kb1
Ra6 50. Rc7 Bd6 51. Rf7 Rb6+ 52. Kc2 a5 53. Ra7 Kf4 54. Bd3 Bb4 55. Rc7 Rd6 56.
Re7 Rb6 57. Re4+ Kf3 58. Re8 a4 59. Re6 1/2-1/2